000 nam a22 7a 4500
999 _c126700
_d126700
008 170821b xxu||||| |||| 00| 0 eng d
020 _a0904379353
050 _aHV8650.P963
245 _aProclaim Liberty:
_bRefplections on theology and debt
_c/ edited by Susan Hawley
260 _aLondon
_bChristian Aid
_c1998
300 _a93p.
_c21cm
650 _aInternational Debt
_xReligious Aspect
_934913
700 _aHawley, Susan
_eed.
_934914
942 _2lcc
_cMONOGRAPH